000 00491nam a2200205Ia 4500
003 0100
008 130303s9999 xx 000 0 und d
040 _cARRUPELIB
050 _aB1875.15 1965
100 _aDaley, Leo C.
245 4 _aThe philosophy of Rene Descarates
260 _aNew York
260 _bMonarch Press
260 _C1965
300 _a84p.
300 _b 22cm.
440 _aMonarch notes and study guides
650 _bMathematics--History
942 _2lcc
_01
999 _c66005
_d66005